000 00882aam a2200313 i 4500
001 768714001
003 CO-MdFUSB
005 20250528144230.0
007 ta
008 250527t1982 sp ||||| |||| 00| 0 spa d
020 _a84-7228-710-6
040 _cCO-MdFUSB
041 0 _aspa
082 0 4 _a248.4
_223
_bY547m
100 1 _aYohn, Rick
_eautor
240 _aBeyond spiritual gifts
245 1 0 _aMás allá de los dones espirituales
_c/ Rick Yohn ; traducido por Samuel Vila
264 1 _bClie,
_aTerrassa, Barcelona, España :
_c[1982]
264 4 _c©1982
300 _a207 páginas
336 _atexto
_btxt
_2rdacontent
337 _2rdamedia
_asin mediación
_bn
338 _2rdacarrier
_avolumen
_bnc
563 _aRústico
650 1 0 _aVida cristiana
_919
700 _aVila, Samuel,
_92027
_etraductor
942 _cBK
945 _aElías Tolentino
999 _c35981
_d35981